| 000 | 00886nam a2200241 4500 | ||
|---|---|---|---|
| 999 |
_c110597 _d110597 |
||
| 005 | 20181129082335.0 | ||
| 008 | 151211b mx ||||| |||| 00| 0 spa d | ||
| 020 | _a9786074010572 | ||
| 050 | 0 | 4 |
_aKGF3015 _bC38 2009 |
| 050 | 0 | 4 |
_aPN4967 _bC38 2009 |
| 100 | 1 | _aChávez Lomelí, Elba. | |
| 245 | 1 | 3 |
_aLo público y lo privado en los impresos decimonónicos : _blibertad de imprenta (1810-1882) _c/ Elba Chávez Lomelí |
| 250 | _a1a ed. | ||
| 260 |
_aMéxico : _bMiguel Ángel Porrúa: _bUniversidad Nacional Autónoma de México: _bFacultad de Estudios Superiores Aragón, _c2009 |
||
| 300 |
_a343 p. ; _c23 cm. |
||
| 490 | 0 | _aLa Historia | |
| 504 | _aIncluye apéndice y bibliografía : (p. 335-343) | ||
| 650 | 7 |
_2lemb _aPrensa _xHistoria _ySiglo XIX _zMéxico |
|
| 650 | 7 |
_2lemb _aGobierno y prensa _xHistoria _ySiglo XIX _zMéxico |
|
| 942 |
_2lcc _cLIB |
||